000 00557nam a2200205 u 4500
005 20240228063930.0
008 080523s2004 ag r 000 0 spa d
020 _a9505344597
035 _aUPN01000156208
049 _aI
050 4 _aPZ71
_bI8.9 2004
100 0 _aIstvansh,
_d1968-
_932497
245 1 0 _aZoológico /
_cIstvanch.
250 _a2a ed.
260 _aBuenos Aires :
_bA-Z,
_c2004.
300 _a[26] p. :
_bil.
650 4 _aLibros y lectura para niños
_92290
650 7 _aAnimales
_vLiteratura infantil
_2
_91061
905 _aInfantil
999 _c128322
_d128322